000 01141nam a2200277 a 4500
001 000026683
005 20240307073947.0
008 101012s1984 dr 001 0 spa d
020 _a848400208X
040 _aDO-SdBNP
_bspa
_cBNPHU
082 _a322.1097293
_bP438i
100 1 _aPérez Memén, Fernando,
_d1943-
_938744
245 1 3 _aLa iglesia y el Estado en Santo Domingo (1700-1853) /
_cFernando Pérez Memén.
260 _aSanto Domingo :
_bUASD,
_c1984.
300 _a706 p. ;
_c22 cm.
490 1 _aPublicaciones de la Universidad Autónoma de Santo Domingo
_v330
490 1 _aHistoria y sociedad
_v61
500 _aIncluye datos biográficos del autor en la contracubierta
504 _aBibliografía : p. 683-704
590 _aInventariado, 2018/BT
650 4 _aIglesia y estado
_xHistoria
_zRepública Dominicana
_y1700-1853
_946342
651 4 _aLa Española (Isla{Rpara}
_xHistoria Eclesiastica
_946343
710 1 _aUniversidad Autónoma de Santo Domingo
_972951
830 0 _aPublicaciones de la Universidad Autónoma de Santo Domingo
_v330
_pHistoria y sociedad
_n61
_953799
910 _aValidado. Control de calidad MFF
999 _c26175
_d26175